| 000 | 00956nam a22002537a 4500 | ||
|---|---|---|---|
| 001 | 799 | ||
| 005 | 20230710095334.0 | ||
| 008 | 230710b cb ||||| |||| 00| 0 eng d | ||
| 020 | _a078073003990 | ||
| 040 |
_aFISKH _beng _cFISKH _dFISKH |
||
| 082 | _a998 | ||
| 100 | _aHerman, Gail | ||
| 245 |
_aThe Magic School Bus Arctic Adventure / _cby Herman, Gail ; illustrated by Bracken, Carolyn . |
||
| 250 | _aFirst printing, November 2004 | ||
| 260 |
_aNew York : _bScholastic, _c2004. |
||
| 300 |
_a30 unnumbered pages: _bcolor illustrations, _c23 cm. |
||
| 505 | _aJ | ||
| 520 | _aMs. Frizzle's class is going to the top of the world! They want to see the different animals. But when the arrive, they get a big surprise. | ||
| 521 |
_a440
_bLexile |
||
| 521 |
_aJ
_bRaz-Plus |
||
| 650 |
_aArctic regions - _vJuvenile literature _xArctic regions. |
||
| 650 |
_aArctic regions - _vJuvenile literature _xArctic regions. |
||
| 942 |
_2ddc _cBK _n0 |
||
| 999 |
_c799 _d799 |
||